000 01113nam2a2200229 4500
001 rc\2947297
005 20260315060101.0
035 _a(NLR Aleph) 007095294
090 _a13601089
_c13601089
100 _a20110829d1939 u y0rusy50 ca
101 0 _arus
102 _aRU
105 _aa z |||||
200 1 _aПроектирование воздушных линий связи
210 _d1939
215 _a28 с.
_cил.
461 0 _1001rc\2947294
_12001#$aПравила по постройке, реконструкции и проектированию воздушных линий связи$eЧ. 1-$fНар. ком. связи СССР. Науч.-исслед. ин-т связи$vЧ. 3
_96615234
_cМосква
_d1939
_fНар. ком. связи СССР. Науч.-исслед. ин-т связи
_nСвязьиздат
_oЧ. 1-
_tПравила по постройке, реконструкции и проектированию воздушных линий связи
_vЧ. 3
801 0 _aRU
_bNLR
_gpsbo
801 1 _aRU
_bELAR
_2rusmarc
852 _aNLR
_j39-18/5(3)
942 _cUNSPEC
980 _aNB